000 00319nam a2200133Ia 4500
100 _aBedworth/D.D/ Bailey/J.E
942 _cBK
654 _aproduction
245 _aIntegrated production control system
260 _bJohn wiley and sons
_aNew York
_c1987
082 _a658.5
_bBED
300 _a477
546 _aENGLISH
999 _c20008
_d20008